Histoire de dix ans 1830-1840 (Record no. 152173)
[ view plain ]
| 000 -LEADER | |
|---|---|
| campo de control de longitud fija | 00826nam a22002055i 4500 |
| 001 - NÚMERO DE CONTROL | |
| campo de control | 152173 |
| 003 - IDENTIFICADOR DE NÚMERO DE CONTROL | |
| campo de control | ES-MaACL |
| 005 - FECHA Y HORA DE LA ÚLTIMA TRANSACCIÓN | |
| campo de control | 20231103062534.0 |
| 008 - DATOS DE LONGITUD FIJA--INFORMACIÓN GENERAL | |
| campo de control de longitud fija | 001004s1848 fr a |||| | fre d |
| 040 ## - FUENTE DE CATALOGACIÓN | |
| Centro catalogador/agencia de origen | CYL |
| Lengua de catalogación | spa |
| Centro/agencia transcriptor | CYL |
| 100 1# - ENTRADA PRINCIPAL--NOMBRE DE PERSONA | |
| Nombre de persona | Blanc, Louis. |
| 9 (RLIN) | 29112 |
| 245 10 - MENCIÓN DEL TÍTULO | |
| Título | Histoire de dix ans 1830-1840 |
| Resto del título | : Révolution Française / |
| Mención de responsabilidad, etc. | par M. Louis Blanc. |
| 250 ## - MENCION DE EDICION | |
| Mención de edición | 7eme. éd. aug. de nouveaux documents diplomatiques. |
| 260 ## - PUBLICACIÓN, DISTRIBUCIÓN, ETC. | |
| Lugar de publicación, distribución, etc. | Paris : |
| Nombre del editor, distribuidor, etc. | Pagnerre, |
| Fecha de publicación, distribución, etc. | 1848. |
| 300 ## - DESCRIPCIÓN FÍSICA | |
| Extensión | 5 v. (476 p., [7] h. de lám. ; 467 p., [5] h. de lám. ; 476 p., [6] h. de lám. ; 519 p., [2] h. de lám. ; 516 p., [4] h. de lám.) ; |
| Dimensiones | 23 cm. |
| 594 ## - Nota al título y mención de responsabilidad | |
| Nota al título y mención de responsabilidad | Precede al tít.: Révolution Française. |
| 651 #4 - PUNTO DE ACCESO ADICIONAL DE MATERIA--NOMBRE GEOGRÁFICO | |
| Nombre geográfico | Francia- |
| Subdivisión general | Historia- |
| Subdivisión cronológica | 1789-1799, Revolución |
| 9 (RLIN) | 8685 |
| 852 ## - LOCALIZACIÓN | |
| Ubicación | ES-MaACL |
| Número de control de estantería | G-8152-56 |
| Nota libre | -- Enc. hol. |
| Estatus retirado | Estado de pérdida | Estado de daño | No para préstamo | Colección | Biblioteca de origen | Biblioteca actual | Ubicación en estantería | Fecha de adquisición | Total de préstamos | Signatura topográfica completa | Código de barras | Visto por última vez | Precio de reemplazo | Tipo de ítem Koha |
|---|---|---|---|---|---|---|---|---|---|---|---|---|---|---|
| Libros del s. XIX | Biblioteca del Ateneo de Madrid | Biblioteca del Ateneo de Madrid | Sala Pecera Planta 3 | 17/01/2008 | G-8152-56 | 1158866 | 23/02/2023 | 23/02/2023 | Libro impreso antiguo |
